000 00985nas a2200337 4500
001 BR0905764
003 BR-BrBNA
005 20231205113740.0
007 ta
008 230509b bl.|||p| |||| 00| 00por d
040 _aBR-BrBNA
_bpor
_cBiblioteca Nacional de Agricultura
041 _a(Pt)
072 _aL73
100 1 _aRaymundo, D.L.
100 1 _aBezerra Júnior, P.S.
100 1 _aBandarra, P.M.
100 1 _aSantos, A.S. dos
100 1 _aSonne, L.
100 1 _aPavarini, S.P.
100 1 _aCorrêa,A.M.R.
100 1 _aDias, M.M.
100 1 _aDriemeier, D.
245 1 _aIntoxicação espontânea pelas larvas de Perreyia flavipes em bovinos no estado de Santa Catarina, Brasil
650 _aBOVINO
650 _aFÍGADO
650 _aNECROSE
650 _aINTOXICAÇÃO
773 0 _tCiência Rural (Brazil)
_xISSN 0103-8478
_g(Jan-Feb 2009), v. 39(1) p. 163-166
_wBR0905764
909 _a202311
_bLúcia
_c55
_dLúcia Elande
942 _2AGRIS
_n0
_cANA
999 _c205388
_d205388